000 00303nam a22001337a 4500
008 170421b xxu||||| |||| 00| 0 eng d
020 _a9780757512506
041 _aeng
080 _23 ED
_a573
100 _a11
101 _aSHM
245 _aBIOLOGY A HUMAN APPROACH
_cPARRAVON,C
942 _2udc
_cBK
999 _c11423
_d11423